00257 a2200109 4500001000700000040002200007041001600029082000900045100002200054245002100076500005000097142417 cLeonardo Da Vinci aPortuguês av158 aRODRIGUES, Joffre aVestido de noiva aBaseado na peça teatral de Nelson Rodrigues